000 00410 a2200109 4500
001 ART_13048
005 20260410161817.0
008 260409a
245 1 0 _aLa ejecucion de laudos arbitrales extranjeros contra el Estado Argentino
100 1 _aSiseles, Osvaldo
773 0 _tRevista Juridica de Buenos Aires
_gLa tutela judicial efectiva en la justicia administrativa (ene. 2008)
_wREV4315
999 _c21969
_d21969